Ni siquiera el diluvio : misterio de navidad /

Guardado en:
Autor Principal: González Lanuza, Eduardo
Formato: Libro
Publicado: Buenos Aires : Eudeba, 1966
Series:De los Contemporáneos
Materias:
Etiquetas: Agregar Etiqueta
Sin Etiquetas, Sea el primero en etiquetar este registro!
LEADER 00619nam a22002055a 4500
001 CEM.cems002984
005 20110415102534.0
008 130507s1966##################000#0#####d
003 CEMS
082 0 4 |a A862.4 
100 1 |a González Lanuza, Eduardo 
245 1 0 |a Ni siquiera el diluvio :  |b misterio de navidad /  |c Eduardo González Lanuza 
260 |a Buenos Aires :  |b Eudeba,  |c 1966 
300 |a 135 p. 
490 0 |a De los Contemporáneos 
653 |a Literatura 
653 |a Literatura argentina 
653 |a Teatro 
653 |a Teatro argentino-siglo 20 
859 |a CEMS  |b BIB. CEMS - 11 de abril  |h A862.4  |i G589  |p 9446.81  |t Ej.1